Sports Quiz

Random Sports Quiz

Missing The All Star Game, Winning The Cy Young/MVP Quiz Stats

Quiz not verified by Sporcle

Challenge
Share
Tweet
Embed
Score 0/30 Timer 06:00
0 Plays Today
Year Player % Correct
2010Felix Hernandez
72.5%
2007Jimmy Rollins
47.8%
1993Greg Maddux
47.1%
1987Roger Clemens
44.9%
2006Justin Morneau
42.8%
1989Bret Saberhagen
41.3%
1988Kirk Gibson
41.3%
1998Sammy Sosa
40.6%
1985Bret Sabergagen
39.9%
1999Chipper Jones
39.1%
2004Johan Santana
37.7%
1991Terry Pendleton
34.8%
1996Juan Gonzalez
33.3%
1979Willie Stargell
32.6%
1990Doug Drabek
26.8%
Year Player % Correct
1996Pat Hentgen
26.1%
1976Jim Palmer
26.1%
1973Jim Palmer
26.1%
1984Rick Sutcliffe
25.4%
1989Robin Yount
24.6%
1978Dave Parker
21.7%
1983John Denny
21%
1956Don Newcombe
20.3%
1983LaMarr Hoyt
18.8%
1935Hank Greenberg
18.8%
1982Pete Vuckovich
18.1%
1978Gaylord Perry
17.4%
1979Mike Flanagan
14.5%
1969Mike Cuellar
12.3%
1967Mike McCormick
10.1%

You're not logged in!

Compare scores with friends on all Sporcle quizzes.
Sign Up with Email
OR
Log In

You Might Also Like...

Show Comments

Extras

Top Quizzes Today


Score Distribution

Your Account Isn't Verified!

In order to create a playlist on Sporcle, you need to verify the email address you used during registration. Go to your Sporcle Settings to finish the process.